Mathematics++ : selected topics beyond the basic courses
Αποθηκεύτηκε σε:
| Κύριοι συγγραφείς: | , , |
|---|---|
| Μορφή: | Βιβλίο |
| Γλώσσα: | English |
| Δημοσίευση: |
Providence, Rhode Island :
American Mathematical Society,
c2015.
|
| Σειρά: | Student mathematical library ;
75 |
| Θέματα: | |
| Ετικέτες: |
Προσθήκη ετικέτας
Δεν υπάρχουν, Καταχωρήστε ετικέτα πρώτοι!
|
MARC
| LEADER | 00000nam a2200000 a 4500 | ||
|---|---|---|---|
| 001 | 1/111225 | ||
| 008 | 160701t2015####riu| ||| |||| ||eng|| | ||
| 020 | |a 9781470422615 | ||
| 040 | |a GR-MyUa |b gre |c GR-MyUa |e AACR2 | ||
| 041 | 0 | |a eng | |
| 082 | 7 | |a 510 |2 (23) | |
| 100 | 1 | |a Kantor, Ida |d 1981- | |
| 245 | 1 | 0 | |a Mathematics++ : |b selected topics beyond the basic courses / |c Ida Kantor, Jiri Matousek, Robert Samal. |
| 260 | |a Providence, Rhode Island : |b American Mathematical Society, |c c2015. | ||
| 300 | |a xii, 343 σ. : |b σχέδια ; |c 22 εκ. | ||
| 490 | 1 | |a (Student mathematical library ; |v 75) | |
| 504 | |a Βιβλιογραφία: σ. 330-332. Ευρετήριο. | ||
| 650 | 0 | |a Mathematics |x Study and teaching (Graduate) | |
| 650 | 0 | |a Computer science |x Mathematics. | |
| 700 | 1 | |a Matousek, Jiri |d 1963- |e aut | |
| 700 | 1 | |a Samal, Robert |d 1977- |e aut | |
| 830 | 0 | |a Student mathematical library ; |v 75 | |
| 852 | |a INST |b SAMOS |e 20160701 |h 510 KAN |p 005300043669 |q 005300043669 |t BK |y 0 | ||
| 922 | |a 3ΕΛΗ |b 201606 |c Τμήμα Μαθηματικών |d Διαδρομές | ||
| 970 | |a Κοσιέρης |b Χρήστος |z 01-07-2016 | ||